Církev a stát /

Hlavní autor: Bednář, František, 1884-1963
Jazyk: Čeština
Vydáno: V Praze : Melantrich, 1934
Edice: Výhledy
Fyzický popis: 236 s. ; 20 cm
Knihy
Uloženo v:
LEADER 00809nam a22002532a 4500
001 000127824
003 CZ BrMZK
005 20170802094429.0
007 ta
008 950101s1934 xr f cze d
015 |a cnb000793827 
020 |q (Váz.) :  |c Kč 56,00 
035 |a (OCoLC)6041067 
040 |a ABA001  |b cze  |c OLA001  |d ABA001  |d BOA001 
100 1 |a Bednář, František,  |d 1884-1963  |7 jk01011305  |4 aut 
245 1 0 |a Církev a stát /  |c František Bednář 
260 |a V Praze :  |b Melantrich,  |c 1934 
300 |a 236 s. ;  |c 20 cm 
490 1 |a Výhledy. Knihy zkušeností a úvah ;  |v sv. 19 
500 |a Obsahuje rejstřík 
830 0 |a Výhledy  |0 s 
910 |a BOA001  |b 2-0121.736,19 
990 |a BK 
996 7 |b 2619972225  |c 2-0121.736,19  |l MZK  |r Sklad / do 24 hodin  |n 13  |w 000127824  |u 000010  |a 1  |e BOA001  |j MZK50  |s A